| 000 | 00449nam a2200181Ia 4500 | ||
|---|---|---|---|
| 005 | 20250603144728.0 | ||
| 008 | 250603s9999 xx 000 0 und d | ||
| 020 | _a9781788342113 | ||
| 050 | _aHD 6073 .C67/ | ||
| 100 | _aRahman, Nor Aida Abdul | ||
| 245 | 0 | _aCorporate Branding in Logistics and Transportation. | |
| 260 | _aLondon | ||
| 260 | _bRoutledge | ||
| 260 | _c2023 | ||
| 300 | _axxi, 511p.: ill. | ||
| 650 | _aLondon | ||
| 942 | _cBK | ||
| 999 |
_c39778 _d39778 |
||